La Jerusalén libertada.
Guardat en:
| Autor principal: | |
|---|---|
| Format: | Llibre |
| Publicat: |
Madrid, España:
Aguilar,
1957.
|
| Col·lecció: | Colección Crisol,
179. |
| Matèries: | |
| Etiquetes: |
Afegir etiqueta
Sense etiquetes, Sigues el primer a etiquetar aquest registre!
|
MARC
| LEADER | 00000nam a2200000 a 4500 | ||
|---|---|---|---|
| 001 | UCY7188 | ||
| 003 | CL-VaPUC | ||
| 005 | 20220822114516.0 | ||
| 008 | 220622b1957 ||||| |||| 00| 0 eng d | ||
| 999 | |c 436206 |d 436204 | ||
| 040 | |c Pontificia Universidad Católica de Valparaíso | ||
| 082 | 0 | 4 | |a 851 TAS 1957 |2 21 |
| 100 | 0 | |a Tasso, Torquato |e autor |9 337462 | |
| 245 | 1 | 0 | |a La Jerusalén libertada. |
| 260 | |a Madrid, España: |b Aguilar, |c 1957. | ||
| 300 | |a 524 páginas. | ||
| 490 | |a Colección Crisol, |v 179. | ||
| 500 | |a c.1 Donación Familia Prof. Alejandro Guzmán Brito. | ||
| 583 | |a last modification |c 19950609 00:00:00 |k Cristina María Rojas Aguilar | ||
| 650 | 0 | |a Prosa italiana |9 267269 | |
| 650 | 0 | |a Literatura italiana |9 266970 | |
| 942 | |c BK |2 ddc |n 0 | ||
| 952 | |0 0 |1 0 |2 ddc |4 0 |6 851_000000000000000_TAS_1957 |7 0 |8 C_AGB |9 583945 |a BIBDER |b BIBDER |d 2022-06-22 |e Donación |i 5651779 |o 851 TAS 1957 |p 5651779 |r 2023-01-25 |t 1 |w 2022-06-22 |y BK_US |k AGB | ||